Statistiques concernant Conjuguer en 4 langues : Être

Cliquez ici pour prendre le quiz!

Statistiques générales

  • Ce quiz a été pris 407 fois
    (377 depuis la dernière actualisation)
  • Le résultat moyen est 26 sur 35

Statistiques - réponses

Français% Correct
tues
100%
es
100%
il/elleest
100%
noussommes
100%
son
100%
jesuis
100%
Iam
99%
youare
99%
weare
99%
you (all)are
99%
theyare
99%
vousêtes
99%
he/she/itis
99%
être
96%
to be
96%
ils/ellessont
93%
soy
84%
ichbin
71%
(él)está
71%
somos
69%
eres
68%
ser
66%
(nosotros)estamos
61%
(tú)estás
60%
(yo)estoy
60%
estar
59%
(ellos)están
55%
(vosotros)estáis
54%
dubist
53%
er/sie/esist
47%
sois
44%
wirsind
41%
sie/Siesind
41%
sein
32%
ihrseid
30%

Distribution des résultats

Percentile par nombre de réponses

% des personnes avec chaque résultat

Votre développement - résultats

Vous n’avez pas pris ce quiz depuis la dernière actualisation